Colors, patterns, and textures in nature / (Record no. 1751)

MARC details
000 -LEADER
fixed length control field 01217nam a2200349 i 4500
001 - CONTROL NUMBER
control field data
005 - DATE AND TIME OF LATEST TRANSACTION
control field 20260322212116.0
008 - FIXED-LENGTH DATA ELEMENTS--GENERAL INFORMATION
fixed length control field data
035 ## - SYSTEM CONTROL NUMBER
System control number 4559494
010 ## - LIBRARY OF CONGRESS CONTROL NUMBER
LC control number 73006482
020 ## - INTERNATIONAL STANDARD BOOK NUMBER
International Standard Book Number 0809285223 :
Terms of availability $6.95
020 ## - INTERNATIONAL STANDARD BOOK NUMBER
International Standard Book Number 9780809285228
035 ## - SYSTEM CONTROL NUMBER
-- (DLC) 73006482
040 ## - CATALOGING SOURCE
Original cataloging agency DLC
Transcribing agency DLC
Modifying agency DLC
042 ## - AUTHENTICATION CODE
Authentication code lcac
050 00 - LIBRARY OF CONGRESS CALL NUMBER
Classification number QH48
Item number .J67
082 00 - DEWEY DECIMAL CLASSIFICATION NUMBER
Classification number 574
100 1# - MAIN ENTRY--PERSONAL NAME
Personal name Joslin, Robert O.
245 10 - TITLE STATEMENT
Title Colors, patterns, and textures in nature /
Statement of responsibility, etc. written and photographed by Robert O. Joslin and Larry West.
260 ## - PUBLICATION, DISTRIBUTION, ETC.
Place of publication, distribution, etc. Chicago :
Name of publisher, distributor, etc. H. Regnery Co.,
Date of publication, distribution, etc. [1974]
300 ## - PHYSICAL DESCRIPTION
Extent 48 p. :
Other physical details col. ill. ;
Dimensions 29 cm.
336 ## - CONTENT TYPE
Content type term text
Content type code txt
Source rdacontent
337 ## - MEDIA TYPE
Media type term unmediated
Media type code n
Source rdamedia
338 ## - CARRIER TYPE
Carrier type term volume
Carrier type code nc
Source rdacarrier
520 ## - SUMMARY, ETC.
Summary, etc. Over eighty color photographs introduce the diversity of color, patterns, and textures that appear in nature. Includes suggestions for nature study projects.
650 #0 - SUBJECT ADDED ENTRY--TOPICAL TERM
Topical term or geographic name entry element Nature
General subdivision Juvenile literature.
650 #1 - SUBJECT ADDED ENTRY--TOPICAL TERM
Topical term or geographic name entry element Nature.
700 1# - ADDED ENTRY--PERSONAL NAME
Personal name West, Larry,
Relator term joint author.
906 ## - LOCAL DATA ELEMENT F, LDF (RLIN)
a 7
b cbc
c orignew
d 2
e ocip
f 19
g y-gencatlg
991 ## -
-- c-GenColl
-- QH48
-- .J67
-- 0005048953A
-- Copy 1
-- BOOKS
Holdings
Withdrawn status Lost status Damaged status Not for loan Home library Current library Shelving location Date acquired Total checkouts Full call number Barcode Date last seen Price effective from Koha item type
        Fairview Fairview General stacks 22/03/2026   574 LOC-FPL-00036 22/03/2026 22/03/2026 Books